| 000 | 02451nam a22003617a 4500 | ||
|---|---|---|---|
| 003 | URS | ||
| 005 | 20260408084123.0 | ||
| 008 | 260318b |||||||| |||| 00| 0 eng d | ||
| 020 | _a978-0-44311-891-3 | ||
| 040 |
_bEnglish _cURS _erda |
||
| 050 | 0 | 0 |
_aQR67 _b.T462 2026 |
| 100 | 1 |
_aTille, Patricia M., _eauthor. |
|
| 245 | 1 | 0 |
_aBailey & Scott's diagnostic microbiology / _cPatricia M. Tille, PhD, MLS(ASCP), AHI(AMT), FACSc. |
| 246 | 1 | _aBailey and Scott's diagnostic microbiology | |
| 246 | 1 | _aDiagnostic microbiology | |
| 250 | _aSixteen edition. | ||
| 264 | 4 |
_cSt. Louis, Missouri : _aElsevier, _b©2026. |
|
| 300 |
_axiv, 1205 pages : _bcolor illustrations ; _c29 cm. |
||
| 336 |
_atext _btxt _2rdacontent |
||
| 337 |
_aunmediated _bn _2rdamedia |
||
| 338 |
_avolume _bnc _2rdacarrier |
||
| 504 | _aIncludes bibliographical references and index. | ||
| 505 | 0 | 0 | _aBasic medical microbiology -- General principles in clinical microbiology -- Approaches to diagnosis of infectious diseases -- Evaluation of antimicrobial activity -- Bacteriology -- Principles of identification -- Catalase-positve, gram-positive cocci -- Catalase-negative, gram-positive cocci -- Non-branching, catalase-positive, gram-positive bacilli -- Non-branching, catalase-negative, gram-positive bacilli -- Branching or partially acid-fast, gram-positive bacilli -- Gram-netative bacilli and coccobacilli (MacConkey-positive, oxidase-negative) -- Gram-negative bacilli and coccobacilli (MacConkey-positive, oxidase-positive) -- Gram-negative bacilli and coccobacilli (MacCoskey-negative, Oxidase-positive) -- Gram-negative bascilli and coccobacilli (MacCoskey-negative, Oxidase-variable) -- Gram-negative bacilli that are optimally recovered on special media -- Gram-negative cocci -- Anaerobic bacteriology -- Mycobacteria and other bacteria with unusual growth requirements -- Parasitology -- Mycology -- Virology -- Diagnosis by organ system -- Clinical laboratory management. |
| 520 | _aResource added for the {u200B}Laboratory Science Technician program 105065. | ||
| 520 | _aResource added for the Microbiology 10-806-197 courses. | ||
| 650 | 0 |
_aDiagnostic microbiology _vTextbooks. |
|
| 650 | 2 | _aMicrobiological Techniques. | |
| 650 | 2 | _aDiagnostic Techniques and Procedures. | |
| 650 | 2 | _aMicrobiological Phenomena. | |
| 650 | 7 |
_aDiagnostic microbiology. _2fast _0(OCoLC)fst00892375 |
|
| 655 | 7 |
_aTextbooks. _2fast _0(OCoLC)fst01423863 |
|
| 942 |
_2lcc _cR |
||
| 999 |
_c99098 _d99095 |
||